Soziale Arbeit mit Gruppen : eine Einführung / Marianne Schmidt-Grunert
Record details
- ISBN: 978-3-7841-1909-0
- Physical Description: 305 stran : ilustrace ; 21 cm
- Edition: 3., überarbeitete Auflage
- Publisher: Freiburg im Breisgau : Lambertus, 2009
Content descriptions
| General Note: | Obsahuje bibliografii |
Search for related items by subject
| Genre: | monografie |
Available copies
- 1 of 1 copy available at Common Catalog SPOK.
Holds
- 0 current holds with 1 total copy.
Show All Copies
| Location | Call Number / Copy Notes | Barcode | Shelving Location | Status | Due Date |
|---|---|---|---|---|---|
| Jabok Library | SPr-1.3 | 424480026454 | Odborná literatura | Available | - |
| LDR | 13385nam a2202029 i 4500 | ||
|---|---|---|---|
| 001 | 16411 | ||
| 003 | CZ-PrJAB | ||
| 005 | 20200407080526.0 | ||
| 008 | 090612s2009 gw 000 0 ger d | ||
| 020 | . | ‡a978-3-7841-1909-0 ‡q(brožováno) | |
| 035 | . | ‡a(OCoLC)426148185 | |
| 040 | . | ‡aABG312 ‡bcze ‡erda | |
| 072 | 7. | ‡a364-1/-7 ‡xDruhy sociální pomoci a služeb ‡2Konspekt ‡918 | |
| 100 | 1 | . | ‡aSchmidt-Grunert, Marianne ‡4aut |
| 245 | 1 | 0. | ‡aSoziale Arbeit mit Gruppen : ‡beine Einführung / ‡cMarianne Schmidt-Grunert |
| 250 | . | ‡a3., überarbeitete Auflage | |
| 264 | 1. | ‡aFreiburg im Breisgau : ‡bLambertus, ‡c2009 | |
| 300 | . | ‡a305 stran : ‡bilustrace ; ‡c21 cm | |
| 336 | . | ‡atext ‡btxt ‡2rdacontent | |
| 338 | . | ‡asvazek ‡bnc ‡2rdacarrier | |
| 500 | . | ‡aObsahuje bibliografii | |
| 653 | 0 | . | ‡asociální práce ‡askupiny ‡ametody |
| 655 | 7. | ‡amonografie ‡7fd132842 ‡2czenas | |
| 910 | . | ‡aABG312 | |
| 995 | . | ‡aska | |
| 901 | . | ‡a16411 ‡bCZ-PrJAB ‡c16411 ‡tbiblio | |